Uplatnenie absolventov vysokých škôl na trhu práce v medzinárodných súvislostiach

Migrácia absolventov za prácou. Medzníky pre uplatnenie Slovákov na európskom pracovnom trhu. Vývoj pracovnej migrácie Slovákov. Uplatnenie absolventov vysokých škôl na pracovných trhoch v zahraničí .

Guardado en:
Detalles Bibliográficos
Autor principal: Štefancová, Viera
Formato: Capítulo de libro
Lenguaje:eslovaco
Materias:
Etiquetas: Agregar Etiqueta
Sin Etiquetas, Sea el primero en etiquetar este registro!

MARC

LEADER 00000nla a2200000 4500
001 0229001
005 20240502073755.6
041 0 |a slo 
044 |a SK 
245 1 0 |a Uplatnenie absolventov vysokých škôl na trhu práce v medzinárodných súvislostiach  |c Viera Štefancová 
520 |a Migrácia absolventov za prácou. Medzníky pre uplatnenie Slovákov na európskom pracovnom trhu. Vývoj pracovnej migrácie Slovákov. Uplatnenie absolventov vysokých škôl na pracovných trhoch v zahraničí . 
610 2 0 |a pohyb síl pracovných medzinárodný 
610 2 0 |a trh práce 
610 2 0 |a migrácia 
610 2 0 |a absolventi 
610 2 0 |a školy vysoké 
610 2 0 |a Slovensko 
610 2 0 |a Európa 
100 1 |a Štefancová, Viera